| 000 | 00427nam a2200205Ia 4500 | ||
|---|---|---|---|
| 001 | 12257 | ||
| 003 | GE_BSU | ||
| 008 | 181216s||||||||xx |||||||||||||| ||und|| | ||
| 040 | _cGE_BSU | ||
| 080 | _a811.111'366 | ||
| 100 | _aLeech,Geoffrey | ||
| 245 | _aSemantics. | ||
| 260 | _aNew York | ||
| 260 | _bPenguin Books | ||
| 260 | _c1987 | ||
| 300 | _a383p.20cm. | ||
| 541 | _h336Gel. | ||
| 653 | _aSemantics. | ||
| 942 | _cBK | ||
| 999 |
_c45433 _d45433 |
||